| 000 | 00465nas a2200157Ia 4500 | ||
|---|---|---|---|
| 020 | _a9789252057840 | ||
| 040 | _cMYG | ||
| 082 | _a344 JOI 2011 C289 Or. | ||
| 110 | 2 | _aJoint FAO/WHO Codex Alimentarius Commission. | |
| 245 | 1 | 0 | _aCodex Alimentarius Commission procedural manual |
| 246 | 1 | 0 | _aProcedural manual |
| 300 |
_avolumes ; _c23 cm |
||
| 500 | _aDescription based on: 5th ed., 1981 | ||
| 710 | 2 | _aJoint FAO/WHO Food Standards Programme. | |
| 942 | _cAEDBB | ||
| 999 |
_c22393 _d22393 |
||